Malcolm todd - walk to class lyrics - Statistics

General Stats
  • This quiz has been taken 74 times
  • The average score is 219 of 275
Answer Stats
Answer % Correct
you
100%
you,
100%
a
96%
be
96%
do
94%
I
94%
(I
94%
my
94%
on
94%
so
94%
to
94%
Will
94%
walk
92%
and
90%
And
90%
But
90%
class
90%
I've
90%
girlfriend?
88%
girlfriend
88%
last
88%
lost
88%
more
88%
we
88%
Are
85%
been
85%
gon'
85%
true
85%
Tuesday?
85%
When
85%
when
85%
(when
85%
afraid
83%
alone
83%
alone)
83%
better?
83%
crush
83%
got
83%
I'm
83%
lot
83%
me
83%
me?
83%
me,
83%
Since
83%
What
83%
of
81%
say?
81%
someone
81%
wear
81%
You've
81%
know
79%
still
79%
sweater?
79%
that
79%
for
77%
heart
77%
one
77%
than
77%
the
77%
where
77%
choosin'
75%
everybody
75%
gone
75%
gonna
75%
have
75%
only
75%
see
75%
bodies,
73%
no
73%
our
73%
own
73%
Tell
73%
think
73%
touch
73%
you're
73%
You're
73%
can
71%
Friday?
71%
knows
71%
really
71%
wanna
71%
zoom
71%
cry
69%
Instead
69%
nightly
69%
time
67%
all
65%
feel
65%
through
65%
fuck
63%
screen
63%
get
60%
hope
60%
bit
58%
here
58%
it
58%
just
58%
sad
58%
without
58%
action
56%
action)
56%
don't
56%
feature
56%
had
56%
little
54%
need
54%
Now
54%
walkin'
54%
Fuckin'
52%
(fuckin'
52%
guess
52%
low
52%
low)
52%
back
50%
call
50%
'Cause
50%
wanted
50%
could
48%
we're
48%
baby
46%
solo
44%
solo)
44%
won't
44%
fly
40%
maybe
40%
respond
38%
(whoa)
31%
(why?
29%
Why?)
29%
Forms
25%
No matching quizzes found
Score Distribution
Percent of People with Each Score
Percentile by Number Answered
Your Score History
You have not taken this quiz